[Event "5th Koge Open 2024"]
[Site "Koge"]
[Date "2024.07.09"]
[Round "1"]
[White "Smith, Axel"]
[Black "Kistrup, Nicolai"]
[Result "1/2-1/2"]
[WhiteElo "2420"]
[BlackElo "2367"]
[PlyCount "148"]
[EventDate "2024.07.09"]
[EventType "tourn"]
[EventRounds "9"]
[EventCountry "DEN"]
[SourceTitle "Live from Koge Chess"]

1. Nf3 d5 2. e3 Nf6 3. c4 e6 4. b3 Bd6 5. Bb2 O-O 6. Nc3 c6 7. d4 Nbd7 8. Bd3 Re8 9. O-O e5 10. dxe5 Nxe5 11. Nxe5 Bxe5 12. g3 Bg4 13. Qc2 d4 14. exd4 Bxd4 15. Rfe1 Qd7 16. Na4 Bxb2 17. Nxb2 Qd4 18. Kg2 c5 19. h3 Bd7 20. Rad1 Bc6+ 21. Kg1 Rxe1+ 22. Rxe1 h5 23. Rd1 Re8 24. Bf1 Qe5 25. Bg2 Bxg2 26. Kxg2 h4 27. g4 b6 28. Nd3 Qe4+ 29. Kh2 Rd8 30. Ne1 Qf4+ 31. Kg2 Re8 32. Nd3 Qe4+ 33. Kh2 Qf3 34. Re1 Rxe1 35. Nxe1 Qf4+ 36. Kg2 Ne4 37. Qe2 f5 38. Nd3 Qg5 39. Qf3 g6 40. Qf4 Qxf4 41. Nxf4 fxg4 42. Nxg6 gxh3+ 43. Kxh3 Nxf2+ 44. Kg2 Nd3 45. Ne7+ Kf7 46. Nc8 Nc1 47. Nxa7 Nxa2 48. Nc8 Nc1 49. Nxb6 Kg6 50. Kh3 Kg5 51. Nd7 Nxb3 52. Nf8 Nd4 53. Nh7+ Kg6 54. Nf8+ Kg5 55. Nh7+ Kg6 56. Nf8+ Kh5 57. Nd7 Ne6 58. Nf6+ Kg5 59. Ne4+ Kh5 60. Nf6+ Kg6 61. Nd7 Kg5 62. Ne5 Nf4+ 63. Kh2 Kf5 64. Nd7 Nd3 65. Kh3 Kg5 66. Kh2 Kg4 67. Nf6+ Kf5 68. Nd7 Kg5 69. Kh3 Nf2+ 70. Kg2 Ne4 71. Kh3 Nf2+ 72. Kg2 Nd3 73. Kh2 Kg4 74. Nf6+ Kf5 1/2-1/2

[Event "5th Koge Open 2024"]
[Site "Koge"]
[Date "2024.07.09"]
[Round "1"]
[White "Gomez Aguirre, Juan Alberto"]
[Black "Petrov, Martin"]
[Result "0-1"]
[WhiteElo "2322"]
[BlackElo "2531"]
[PlyCount "122"]
[EventDate "2024.07.09"]
[EventType "tourn"]
[EventRounds "9"]
[EventCountry "DEN"]
[SourceTitle "Live from Koge Chess"]

1. e4 c5 2. c3 Nf6 3. e5 Nd5 4. Nf3 d6 5. Bb5+ Bd7 6. Bc4 e6 7. d4 cxd4 8. Bxd5 exd5 9. O-O Nc6 10. Bf4 dxe5 11. Bxe5 Nxe5 12. Nxe5 Be7 13. Nxd7 Qxd7 14. Qxd4 O-O 15. Nd2 Qb5 16. Nb3 Bf6 17. Qc5 Qe2 18. Rab1 Rfd8 19. Rfe1 Qc4 20. Rbd1 b6 21. Qxc4 dxc4 22. Nd2 b5 23. Nf1 Rxd1 24. Rxd1 Rd8 25. Rxd8+ Bxd8 26. Ne3 g6 27. a4 bxa4 28. Kf1 Bg5 29. Ke2 f5 30. g3 Kf7 31. f4 Be7 32. Nxc4 Ke6 33. Kd3 Bc5 34. Ne5 a3 35. bxa3 Bxa3 36. Kc4 a6 37. Nf3 Be7 38. Nd4+ Kd6 39. Nb3 Kc6 40. h3 Bf6 41. Nc5 a5 42. Nd3 Kd6 43. Nb2 Kc6 44. Nd3 Kd6 45. Nb2 h6 46. Nd3 g5 47. Nb2 g4 48. hxg4 fxg4 49. Nd1 h5 50. Ne3 Ke6 51. Kd3 a4 52. Nc4 Be7 53. Ke4 a3 54. Nd2 a2 55. Nb3 Bf6 56. f5+ Kd6 57. c4 a1=Q 58. c5+ Kc6 59. Nxa1 Bxa1 60. f6 Bxf6 61. Kf5 Bd8 0-1

[Event "5th Koge Open 2024"]
[Site "Koge"]
[Date "2024.07.09"]
[Round "1"]
[White "Ermitsch, Magnus"]
[Black "Fries Nielsen, Jens Ove"]
[Result "1-0"]
[WhiteElo "2383"]
[BlackElo "2347"]
[PlyCount "45"]
[EventDate "2024.07.09"]
[EventType "tourn"]
[EventRounds "9"]
[EventCountry "DEN"]
[SourceTitle "Live from Koge Chess"]

1. e4 Nf6 2. Nc3 d6 3. d4 a6 4. a4 Nc6 5. d5 Ne5 6. f4 Ng6 7. Nf3 e5 8. dxe6 fxe6 9. Bc4 c6 10. O-O d5 11. Bd3 Bc5+ 12. Kh1 O-O 13. Qe1 Ng4 14. h3 Nh6 15. f5 exf5 16. Bxh6 fxe4 17. Nxe4 dxe4 18. Bc4+ Kh8 19. Ng5 gxh6 20. Nf7+ Rxf7 21. Rxf7 Bd4 22. Rd1 c5 23. Qxe4 1-0

[Event "5th Koge Open 2024"]
[Site "Koge"]
[Date "2024.07.09"]
[Round "1"]
[White "Hector, Jonny"]
[Black "Heimisson, Hilmir Freyr"]
[Result "1-0"]
[WhiteElo "2410"]
[BlackElo "2392"]
[PlyCount "51"]
[EventDate "2024.07.09"]
[EventType "tourn"]
[EventRounds "9"]
[EventCountry "DEN"]
[SourceTitle "Live from Koge Chess"]

1. e4 c5 2. Nf3 d6 3. d4 cxd4 4. Nxd4 Nf6 5. Nc3 Nc6 6. f4 e5 7. Nf3 Be7 8. Bc4 O-O 9. f5 Qb6 10. a3 Bd7 11. Qd3 Nd4 12. Bg5 d5 13. Bxd5 Qxb2 14. Rb1 Qxa3 15. Nxe5 Nxd5 16. Nxd5 Bxg5 17. Nxd7 Nxc2+ 18. Qxc2 Rfc8 19. Qe2 Qa5+ 20. Kf1 Qa4 21. h4 Rc2 22. Qf3 Rac8 23. hxg5 Rc1+ 24. Kf2 Qd4+ 25. Kg3 R1c3 26. Ne7+ 1-0

[Event "5th Koge Open 2024"]
[Site "Koge"]
[Date "2024.07.09"]
[Round "1"]
[White "Falkesgaard, Jeppe Hald"]
[Black "Liu, Casper Yukun"]
[Result "1-0"]
[WhiteElo "2321"]
[BlackElo "2316"]
[PlyCount "113"]
[EventDate "2024.07.09"]
[EventType "tourn"]
[EventRounds "9"]
[EventCountry "DEN"]
[SourceTitle "Live from Koge Chess"]

1. d4 Nf6 2. c4 c5 3. d5 b5 4. cxb5 a6 5. bxa6 e6 6. Nc3 exd5 7. Nxd5 Nxa6 8. Bg5 Be7 9. Nxe7 Qxe7 10. Nf3 h6 11. Bh4 Bb7 12. e3 g5 13. Bg3 Ne4 14. Be2 h5 15. Be5 Rg8 16. Qb3 Nb4 17. Bc3 g4 18. Bxb4 gxf3 19. gxf3 cxb4 20. fxe4 Qxe4 21. Rf1 Bd5 22. Bd3 Qe5 23. Qxb4 Bg2 24. Rg1 Rg4 25. Qc3 Qxh2 26. O-O-O Bf3 27. Rxg4 hxg4 28. Rd2 Ra4 29. a3 Rxa3 30. Qc6 Ra2 31. Qc8+ Ke7 32. Qc5+ Kf6 33. Qf5+ Kg7 34. Qg5+ Kf8 35. Qd8+ Kg7 36. Qxd7 Qb8 37. Kb1 Qa8 38. Qd4+ Kg8 39. Qc5 Ra5 40. Qc4 Ra4 41. Qc5 Ra5 42. Qc4 Ra4 43. Qb5 Ra5 44. Qb6 Ra1+ 45. Kc2 Qc8+ 46. Kb3 Bd5+ 47. Kb4 Ra8 48. Bb5 Rb8 49. Qc5 Bc6 50. Rc2 Rxb5+ 51. Qxb5 Qf8+ 52. Qc5 Qb8+ 53. Kc3 Ba4 54. Rd2 Qb3+ 55. Kd4 Bb5 56. Ke5 Qe6+ 57. Kf4 1-0

[Event "5th Koge Open 2024"]
[Site "Koge"]
[Date "2024.07.09"]
[Round "2"]
[White "Smith, Axel"]
[Black "Gomez Aguirre, Juan Alberto"]
[Result "1-0"]
[WhiteElo "2420"]
[BlackElo "2322"]
[PlyCount "175"]
[EventDate "2024.07.09"]
[EventType "tourn"]
[EventRounds "9"]
[EventCountry "DEN"]
[SourceTitle "Live from Koge Chess"]

1. Nf3 d5 2. e3 Nf6 3. c4 e6 4. b3 c5 5. Bb2 Nc6 6. cxd5 exd5 7. Be2 Bd6 8. O-O O-O 9. Nc3 a6 10. Rc1 b5 11. a4 b4 12. Nb1 Be6 13. Bxf6 Qxf6 14. d4 Rfc8 15. dxc5 Bb8 16. Nd4 Be5 17. Nxe6 fxe6 18. Qd3 Bb8 19. Nd2 Ne5 20. Qd4 a5 21. f4 Nd7 22. Bb5 Ra7 23. Rc2 Rac7 24. Bxd7 Rxd7 25. Nf3 Ba7 26. Ne5 Rdc7 27. Nd3 Qe7 28. Rfc1 Rc6 29. h3 h6 30. Kh2 R8c7 31. e4 dxe4 32. Qxe4 Rc8 33. Rc4 Bb8 34. Kh1 Ba7 35. Qe3 R6c7 36. Qe5 Rc6 37. R1c2 Rd8 38. Qe4 Rdc8 39. Re2 Qd8 40. Rec2 Qe7 41. Kh2 Bb8 42. Ne5 Bxe5 43. Qxe5 Rd8 44. Rd4 Rxd4 45. Qxd4 Qc7 46. Rc4 Kf7 47. Qe3 Kg8 48. Kg1 Qd7 49. Kf2 Qd5 50. Kg3 e5 51. fxe5 Rg6+ 52. Rg4 Rc6 53. Rc4 Rg6+ 54. Rg4 Rc6 55. Kh2 Qxc5 56. Qg3 Qe7 57. Re4 Qe6 58. Re3 Rc5 59. h4 Rd5 60. Qf4 Rd7 61. Qe4 Rd8 62. Kg3 Rc8 63. Qg4 Qxg4+ 64. Kxg4 Kf7 65. Kf5 Rc3 66. Rf3 Rc2 67. g3 Rc1 68. h5 Rc6 69. g4 Ke7 70. Rd3 Rc3 71. Ke4 Rc1 72. Rd5 Rc3 73. Rxa5 Rxb3 74. Ra7+ Ke6 75. Rxg7 Rb1 76. Rg6+ Ke7 77. Rb6 b3 78. Kf5 b2 79. Kg6 Rg1 80. Rxb2 Rxg4+ 81. Kxh6 Rxa4 82. Re2 Ra6+ 83. Kg7 Ke6 84. h6 Ra7+ 85. Kg6 Ra1 86. Rg2 Kxe5 87. h7 Rh1 88. Kg7 1-0

[Event "5th Koge Open 2024"]
[Site "Koge"]
[Date "2024.07.09"]
[Round "2"]
[White "Petrov, Martin"]
[Black "Ermitsch, Magnus"]
[Result "1-0"]
[WhiteElo "2531"]
[BlackElo "2383"]
[PlyCount "179"]
[EventDate "2024.07.09"]
[EventType "tourn"]
[EventRounds "9"]
[EventCountry "DEN"]
[SourceTitle "Live from Koge Chess"]

1. Nf3 d5 2. e3 Nf6 3. b3 g6 4. c4 Bg7 5. Bb2 c6 6. d4 Bf5 7. Be2 O-O 8. O-O Nbd7 9. cxd5 cxd5 10. Nc3 Rc8 11. Rc1 Qa5 12. a3 Ne4 13. Nxe4 dxe4 14. Nd2 Qd5 15. Bc4 Qd6 16. g4 Be6 17. Nxe4 Qb6 18. d5 Bxb2 19. dxe6 Ne5 20. exf7+ Kg7 21. Rc2 Nxc4 22. bxc4 Qc6 23. f3 Be5 24. c5 Rxf7 25. Rd2 h6 26. Rd5 Bf6 27. Qd3 b6 28. Kg2 bxc5 29. Rxc5 Qe6 30. Rxc8 Qxc8 31. Rf2 Rf8 32. Rc2 Rd8 33. Qb3 Qb8 34. Qxb8 Rxb8 35. Nxf6 Kxf6 36. Rc6+ e6 37. Ra6 Rb3 38. Kf2 Rb2+ 39. Kg3 Rb3 40. e4 Rb7 41. f4 Rb3+ 42. Kf2 Rb2+ 43. Ke3 Rxh2 44. f5 gxf5 45. gxf5 Kg5 46. Rxe6 Rh3+ 47. Kd4 Rxa3 48. Rg6+ Kf4 49. f6 Ra4+ 50. Kd5 Ra5+ 51. Kd4 Ra4+ 52. Kd5 Ra5+ 53. Ke6 Ra6+ 54. Ke7 Kxe4 55. Rxh6 Kf5 56. f7 Rxh6 57. f8=Q+ Kg5 58. Qf3 Rh4 59. Ke6 Rf4 60. Qg3+ Rg4 61. Qe3+ Kg6 62. Qf3 Rg5 63. Qe4+ Kg7 64. Ke7 a5 65. Qe6 Rg6 66. Qe5+ Kg8 67. Ke8 a4 68. Qe7 Kh8 69. Qa3 Kg7 70. Ke7 Kg8 71. Qf3 Rg7+ 72. Ke6 Rg6+ 73. Kf5 Kg7 74. Qc3+ Kh7 75. Qc7+ Rg7 76. Qc2 a3 77. Kf6+ Kg8 78. Qb3+ Kh7 79. Qd3+ Kg8 80. Qb3+ Kh7 81. Qxa3 Rg6+ 82. Kf5 Rg7 83. Qh3+ Kg8 84. Qc3 Kh7 85. Kf6 Kg8 86. Qc8+ Kh7 87. Qh3+ Kg8 88. Qh5 Rc7 89. Qd5+ Kh7 90. Qd3+ 1-0

[Event "5th Koge Open 2024"]
[Site "Koge"]
[Date "2024.07.09"]
[Round "2"]
[White "Fries Nielsen, Jens Ove"]
[Black "Hector, Jonny"]
[Result "0-1"]
[WhiteElo "2347"]
[BlackElo "2410"]
[PlyCount "62"]
[EventDate "2024.07.09"]
[EventType "tourn"]
[EventRounds "9"]
[EventCountry "DEN"]
[SourceTitle "Live from Koge Chess"]

1. d4 d5 2. Nc3 Nf6 3. Bf4 e6 4. e3 Bd6 5. g4 Bxf4 6. exf4 c6 7. Qf3 b5 8. Bd3 O-O 9. Nge2 Nbd7 10. Rg1 b4 11. Na4 Qa5 12. b3 c5 13. g5 Ne4 14. Ng3 Nd6 15. Qh5 g6 16. Qh6 Nf5 17. Bxf5 exf5 18. O-O-O Qa6 19. dxc5 Nxc5 20. Nxc5 Qxa2 21. Kd2 Qb2 22. Ne2 Re8 23. Nd3 Rxe2+ 24. Kxe2 Ba6 25. Kf3 Qxc2 26. Nc1 Qe4+ 27. Kg3 Rc8 28. f3 Rc3 29. Rgf1 Bxf1 30. Rxf1 Qe3 31. Na2 Rxb3 0-1

[Event "5th Koge Open 2024"]
[Site "Koge"]
[Date "2024.07.09"]
[Round "2"]
[White "Heimisson, Hilmir Freyr"]
[Black "Falkesgaard, Jeppe Hald"]
[Result "1-0"]
[WhiteElo "2392"]
[BlackElo "2321"]
[PlyCount "57"]
[EventDate "2024.07.09"]
[EventType "tourn"]
[EventRounds "9"]
[EventCountry "DEN"]
[SourceTitle "Live from Koge Chess"]

1. c4 c5 2. Nf3 Nc6 3. Nc3 g6 4. g3 Bg7 5. Bg2 e6 6. h4 Nge7 7. h5 O-O 8. d3 d5 9. hxg6 hxg6 10. Bh6 Bxh6 11. Rxh6 dxc4 12. Qd2 Nf5 13. Rh3 f6 14. g4 Ng7 15. Qh6 Kf7 16. O-O-O Qc7 17. Nb5 Qe7 18. dxc4 Rd8 19. Rxd8 Qxd8 20. Nh4 Ne5 21. f4 Nxc4 22. Qxg6+ Kg8 23. Qc2 Nd6 24. Nxd6 Qxd6 25. Ng6 f5 26. Rh8+ Kf7 27. Ne5+ Ke7 28. e3 Rb8 29. Qf2 1-0

[Event "5th Koge Open 2024"]
[Site "Koge"]
[Date "2024.07.09"]
[Round "2"]
[White "Kistrup, Nicolai"]
[Black "Liu, Casper Yukun"]
[Result "0-1"]
[WhiteElo "2367"]
[BlackElo "2316"]
[PlyCount "104"]
[EventDate "2024.07.09"]
[EventType "tourn"]
[EventRounds "9"]
[EventCountry "DEN"]
[SourceTitle "Live from Koge Chess"]

1. Nf3 d5 2. g3 Nf6 3. Bg2 c5 4. O-O e6 5. c4 d4 6. d3 Nc6 7. e3 Bd6 8. exd4 cxd4 9. Na3 O-O 10. Nc2 e5 11. b4 a6 12. c5 Bc7 13. Bg5 h6 14. Bxf6 Qxf6 15. Nd2 Qg6 16. a4 Bg4 17. Bf3 Bf5 18. Ne4 Bh3 19. Re1 f5 20. Nd2 e4 21. dxe4 f4 22. Ra3 d3 23. Rxd3 fxg3 24. hxg3 Bxg3 25. fxg3 Qxg3+ 26. Kh1 Rf4 27. Rg1 Qh4 28. Rg2 Bxg2+ 29. Kxg2 Ne5 30. Rd5 Nxf3 31. Nxf3 Rg4+ 32. Kf1 Rf8 33. Nce1 Rxe4 34. Rd3 Qh1+ 35. Kf2 Qh2+ 36. Ng2 Rg4 37. Qf1 Qg3+ 38. Ke3 Re8+ 39. Kd2 Qxg2+ 40. Qxg2 Rxg2+ 41. Kc3 Rg3 42. b5 axb5 43. axb5 Rf8 44. Ne5 Rxd3+ 45. Kxd3 h5 46. c6 bxc6 47. bxc6 g5 48. Ke4 h4 49. Kd5 h3 50. Ng4 Kf7 51. c7 Kg6 52. Ke6 Kh5 0-1

[Event "5th Koge Open 2024"]
[Site "Koge"]
[Date "2024.07.10"]
[Round "3"]
[White "Ermitsch, Magnus"]
[Black "Smith, Axel"]
[Result "1/2-1/2"]
[WhiteElo "2383"]
[BlackElo "2420"]
[PlyCount "70"]
[EventDate "2024.07.09"]
[EventType "tourn"]
[EventRounds "9"]
[EventCountry "DEN"]
[SourceTitle "Live from Koge Chess"]

1. e4 e6 2. d4 d5 3. Nc3 Bb4 4. Nge2 dxe4 5. a3 Be7 6. Nxe4 Nf6 7. Nxf6+ Bxf6 8. Be3 Nc6 9. Qd2 b6 10. g4 Bb7 11. Bg2 Qd7 12. O-O-O O-O-O 13. Kb1 Kb8 14. h4 Qe8 15. Qe1 h6 16. f4 h5 17. g5 Be7 18. Qf2 Na5 19. Bxb7 Kxb7 20. Nc3 Qc6 21. Qd2 Nc4 22. Qd3 g6 23. Rhe1 Rhe8 24. Bc1 Bf8 25. Ne4 Bg7 26. c3 Nd6 27. Nxd6+ Rxd6 28. b3 Red8 29. Bb2 Qd7 30. Kc1 Kb8 31. Qe2 Qc6 32. Kb1 Qd5 33. Ka2 Qc6 34. Kb1 Qd5 35. Ka2 Qc6 1/2-1/2

[Event "5th Koge Open 2024"]
[Site "Koge"]
[Date "2024.07.10"]
[Round "3"]
[White "Gomez Aguirre, Juan Alberto"]
[Black "Kistrup, Nicolai"]
[Result "1-0"]
[WhiteElo "2322"]
[BlackElo "2367"]
[PlyCount "113"]
[EventDate "2024.07.09"]
[EventType "tourn"]
[EventRounds "9"]
[EventCountry "DEN"]
[SourceTitle "Live from Koge Chess"]

1. d4 Nf6 2. c4 e6 3. Nc3 Bb4 4. e3 O-O 5. Bd3 c5 6. Nge2 cxd4 7. exd4 Nc6 8. O-O d5 9. cxd5 Nxd5 10. Bc2 Nxc3 11. bxc3 Be7 12. Qd3 g6 13. Qf3 Bd7 14. Ng3 Rc8 15. Bh6 Re8 16. Rad1 Na5 17. d5 exd5 18. Rxd5 Qc7 19. Bf4 Qxc3 20. Qxc3 Rxc3 21. Bd1 Bc6 22. Rxa5 Bf6 23. Bb3 a6 24. Bd2 Rd3 25. Be3 Bb5 26. Ba4 Bxa4 27. Rxa4 Rc8 28. h3 Rc6 29. Rb4 Ra3 30. Rxb7 Rxa2 31. Bh6 Rc8 32. Ne4 Be5 33. Rd1 f5 34. Ng5 Rd2 35. Rbb1 Rxd1+ 36. Rxd1 Ra8 37. Nf3 Bf6 38. Bg5 Bg7 39. Rd8+ Rxd8 40. Bxd8 Kf7 41. Ng5+ Ke8 42. Ba5 Kd7 43. Nxh7 Kc6 44. Kh2 Kb5 45. Bc7 a5 46. Bxa5 Kxa5 47. Kg3 Bh6 48. f4 Kb6 49. Ng5 Kc6 50. Nf3 Kd5 51. Nh4 Ke4 52. Nxg6 Ke3 53. Kh4 Bxf4 54. Nxf4 Kxf4 55. g4 Ke4 56. Kg3 fxg4 57. Kxg4 1-0

[Event "5th Koge Open 2024"]
[Site "Koge"]
[Date "2024.07.10"]
[Round "3"]
[White "Hector, Jonny"]
[Black "Petrov, Martin"]
[Result "1/2-1/2"]
[WhiteElo "2410"]
[BlackElo "2531"]
[PlyCount "36"]
[EventDate "2024.07.09"]
[EventType "tourn"]
[EventRounds "9"]
[EventCountry "DEN"]
[SourceTitle "Live from Koge Chess"]

1. e4 c5 2. Nf3 d6 3. d4 cxd4 4. Nxd4 Nf6 5. Nc3 a6 6. Bg5 e6 7. f4 h6 8. Bh4 Qb6 9. a3 Nc6 10. Bf2 Qc7 11. Qe2 e5 12. Nf3 exf4 13. O-O-O g5 14. g3 g4 15. Nd5 Nxd5 16. exd5+ Ne7 17. Nd4 f3 18. Qe1 Bg7 1/2-1/2

[Event "5th Koge Open 2024"]
[Site "Koge"]
[Date "2024.07.10"]
[Round "3"]
[White "Falkesgaard, Jeppe Hald"]
[Black "Fries Nielsen, Jens Ove"]
[Result "0-1"]
[WhiteElo "2321"]
[BlackElo "2347"]
[PlyCount "97"]
[EventDate "2024.07.09"]
[EventType "tourn"]
[EventRounds "9"]
[EventCountry "DEN"]
[SourceTitle "Live from Koge Chess"]

1. d4 Nf6 2. c4 d6 3. Nc3 Nbd7 4. e4 e5 5. Be3 c6 6. h3 a6 7. d5 cxd5 8. cxd5 b5 9. b4 Nb6 10. a4 Nxa4 11. Nxa4 bxa4 12. Bd3 Bd7 13. Ne2 Rb8 14. Qd2 Bb5 15. O-O Be7 16. Nc3 O-O 17. Nxa4 Bxd3 18. Qxd3 Rxb4 19. Rfb1 Rxe4 20. Rb7 Qa5 21. Bb6 Qxd5 22. Qxa6 Qe6 23. Nc3 Rb4 24. Qa7 Qc4 25. Rc7 Qb3 26. Ba5 Bd8 27. Bxb4 Bxc7 28. Qxc7 Qxb4 29. Rb1 Qc5 30. Qxc5 dxc5 31. Na4 h5 32. Nxc5 Rc8 33. Nd3 e4 34. Nf4 g6 35. Rb3 Rc1+ 36. Kh2 h4 37. Re3 Rf1 38. f3 g5 39. Ne2 Re1 40. fxe4 Nh5 41. g3 Nxg3 42. Rxg3 hxg3+ 43. Nxg3 Kg7 44. Kg2 Kf6 45. Kf3 Ke5 46. Kg4 f6 47. Kf3 Ra1 48. Nh5 Ra3+ 49. Kg4 0-1

[Event "5th Koge Open 2024"]
[Site "Koge"]
[Date "2024.07.10"]
[Round "3"]
[White "Liu, Casper Yukun"]
[Black "Heimisson, Hilmir Freyr"]
[Result "1/2-1/2"]
[WhiteElo "2316"]
[BlackElo "2392"]
[PlyCount "87"]
[EventDate "2024.07.09"]
[EventType "tourn"]
[EventRounds "9"]
[EventCountry "DEN"]
[SourceTitle "Live from Koge Chess"]

1. d4 Nf6 2. c4 e6 3. Nf3 d5 4. g3 Be7 5. Bg2 O-O 6. Nc3 dxc4 7. Ne5 Qd6 8. Nxc4 Qa6 9. Qb3 Nc6 10. Qb5 Qxb5 11. Nxb5 Rd8 12. Be3 Nd5 13. O-O Bd7 14. Rac1 a6 15. Nc3 Nxe3 16. fxe3 Rab8 17. Bxc6 Bxc6 18. Ne5 Be8 19. Ne4 Rdc8 20. Rc3 f6 21. Nd3 b6 22. Rfc1 c6 23. b4 Rd8 24. Ra1 Ra8 25. Rb1 Rac8 26. a4 Bg6 27. Nef2 e5 28. Rbc1 exd4 29. exd4 Rxd4 30. Rxc6 Rxc6 31. Rxc6 Bxb4 32. Rxb6 a5 33. Nxb4 axb4 34. a5 Rd5 35. Rb8+ Kf7 36. Rb7+ Ke6 37. Rb6+ Ke7 38. Rb7+ Ke6 39. Rb6+ Kd7 40. Rxb4 Kc6 41. Rb6+ Kc7 42. Ra6 Kb8 43. Re6 Rxa5 44. Re7 1/2-1/2

[Event "5th Koge Open 2024"]
[Site "Koge"]
[Date "2024.07.10"]
[Round "4"]
[White "Smith, Axel"]
[Black "Hector, Jonny"]
[Result "1-0"]
[WhiteElo "2420"]
[BlackElo "2410"]
[PlyCount "89"]
[EventDate "2024.07.09"]
[EventType "tourn"]
[EventRounds "9"]
[EventCountry "DEN"]
[SourceTitle "Live from Koge Chess"]

1. d4 d5 2. c4 c6 3. Nf3 Nf6 4. g3 Bf5 5. Nc3 e6 6. Nh4 dxc4 7. Nxf5 exf5 8. e3 Bd6 9. Bxc4 O-O 10. O-O Nbd7 11. a3 a5 12. Qc2 g6 13. Bd2 Rc8 14. Rad1 Qc7 15. Ba2 Rfe8 16. Bc1 h5 17. f3 c5 18. Nb5 Qb6 19. Nxd6 Qxd6 20. dxc5 Qxc5 21. Qxc5 Nxc5 22. Rd6 Rc6 23. Rxc6 bxc6 24. Rd1 Rc8 25. Kf2 g5 26. Bb1 g4 27. Bxf5 Rb8 28. Rd6 Nd5 29. Bc2 Nb3 30. Bxb3 Rxb3 31. Rxc6 gxf3 32. Kxf3 Rb5 33. a4 Rb4 34. Rc5 Nf6 35. Rxa5 h4 36. Bd2 Rxb2 37. Bc3 Rb6 38. gxh4 Nd7 39. Rg5+ Kf8 40. a5 Rb3 41. Bd4 f6 42. Rd5 Ke8 43. a6 Ra3 44. a7 Nf8 45. Bc5 1-0

[Event "5th Koge Open 2024"]
[Site "Koge"]
[Date "2024.07.10"]
[Round "4"]
[White "Gomez Aguirre, Juan Alberto"]
[Black "Ermitsch, Magnus"]
[Result "1/2-1/2"]
[WhiteElo "2322"]
[BlackElo "2383"]
[PlyCount "30"]
[EventDate "2024.07.09"]
[EventType "tourn"]
[EventRounds "9"]
[EventCountry "DEN"]
[SourceTitle "Live from Koge Chess"]

1. d4 d5 2. c4 e6 3. Nc3 Nf6 4. cxd5 exd5 5. Bg5 Be7 6. e3 O-O 7. Bd3 h6 8. Bf4 c5 9. Nf3 Nc6 10. dxc5 Bxc5 11. O-O d4 12. exd4 Nxd4 13. Nxd4 Qxd4 14. Be3 Qe5 15. Bxc5 Qxc5 1/2-1/2

[Event "5th Koge Open 2024"]
[Site "Koge"]
[Date "2024.07.11"]
[Round "5"]
[White "Falkesgaard, Jeppe Hald"]
[Black "Smith, Axel"]
[Result "1/2-1/2"]
[WhiteElo "2321"]
[BlackElo "2420"]
[PlyCount "59"]
[EventDate "2024.07.09"]
[EventType "tourn"]
[EventRounds "9"]
[EventCountry "DEN"]
[SourceTitle "Live from Koge Chess"]

1. d4 d5 2. c4 e6 3. Nc3 Nf6 4. cxd5 exd5 5. Bg5 Be7 6. e3 O-O 7. Bd3 h6 8. Bh4 c6 9. Nge2 Ne4 10. Bxe7 Qxe7 11. O-O Bf5 12. Nxe4 Bxe4 13. Bxe4 dxe4 14. Rb1 a5 15. a3 Nd7 16. b4 axb4 17. axb4 Ra3 18. Qc2 Rfa8 19. Ng3 Nf6 20. Qc5 Qe6 21. Rfc1 Ra2 22. h3 g6 23. Qe5 Re8 24. b5 Qxe5 25. dxe5 Rxe5 26. bxc6 bxc6 27. Rxc6 Kg7 28. Rc7 Ne8 29. Rc4 Nf6 30. Rc7 1/2-1/2

[Event "5th Koge Open 2024"]
[Site "Koge"]
[Date "2024.07.11"]
[Round "5"]
[White "Hector, Jonny"]
[Black "Gomez Aguirre, Juan Alberto"]
[Result "1/2-1/2"]
[WhiteElo "2410"]
[BlackElo "2322"]
[PlyCount "289"]
[EventDate "2024.07.09"]
[EventType "tourn"]
[EventRounds "9"]
[EventCountry "DEN"]
[SourceTitle "Live from Koge Chess"]

1. e4 e5 2. Nf3 Nc6 3. d4 exd4 4. Nxd4 Nf6 5. Nxc6 bxc6 6. e5 Qe7 7. Qe2 Nd5 8. Nd2 Nf4 9. Qe4 Ng6 10. f4 d5 11. Qa4 Bd7 12. Nf3 f6 13. Bd2 fxe5 14. fxe5 c5 15. Bb5 Bxb5 16. Qxb5+ Qd7 17. Qb7 Rd8 18. O-O-O Be7 19. e6 Qxe6 20. Qxc7 O-O 21. Rde1 Qa6 22. Qa5 Qxa5 23. Bxa5 Rb8 24. h4 Bf6 25. b3 Rfc8 26. h5 Ne7 27. h6 Nc6 28. Bd2 c4 29. hxg7 cxb3 30. axb3 Nb4 31. Bxb4 Rxb4 32. Kd1 a5 33. Re6 Bxg7 34. Rh4 d4 35. Rd6 a4 36. bxa4 Rxa4 37. Rd7 Rf8 38. Rg4 Rf7 39. Rd8+ Rf8 40. Rdxd4 Rxd4+ 41. Nxd4 Rd8 42. c3 h5 43. Re4 Ra8 44. Ne2 Ra2 45. Rc4 Bh6 46. Re4 Kf7 47. Ke1 Bd2+ 48. Kf1 Kf6 49. g3 Kf5 50. Rh4 Kg5 51. c4 Ra1+ 52. Kg2 Ra2 53. Re4 Kf5 54. Re8 Kg4 55. Kf2 Rc2 56. Re4+ Kf5 57. Kf3 Ra2 58. Nd4+ Kf6 59. Re6+ Kf7 60. Re2 Ra3+ 61. Ke4 Ba5 62. Rg2 Bc7 63. Nb5 Rxg3 64. Rf2+ Ke7 65. Nxc7 Kd6 66. Nd5 Kc5 67. Ne3 h4 68. Rf5+ Kb4 69. Rh5 Rh3 70. Kd4 Rh1 71. Rb5+ Ka4 72. Kc3 Rc1+ 73. Nc2 h3 74. Rh5 Rh1 75. Kb2 Rh2 76. Kc3 Rh1 77. Rh6 Ka5 78. Nd4 Rc1+ 79. Kd3 Kb4 80. Rb6+ Ka5 81. Rb2 Rg1 82. Ke4 Rg4+ 83. Kd5 Rg5+ 84. Kd6 Rg6+ 85. Ke5 Rg5+ 86. Kf4 Rh5 87. Nc6+ Ka6 88. Rh2 Rh4+ 89. Ke5 Rxc4 90. Nd4 Rc5+ 91. Kd6 Rh5 92. Ne2 Kb5 93. Nf4 Rh4 94. Nxh3 Kc4 95. Rh1 Kc3 96. Ke5 Kd2 97. Rh2+ Ke3 98. Ra2 Rh5+ 99. Kf6 Rh6+ 100. Kf5 Rc6 101. Ra3+ Kd4 102. Ng5 Rc5+ 103. Kf4 Kd5 104. Ne4 Rc6 105. Ra1 Rc4 106. Kf5 Rc2 107. Rd1+ Kc4 108. Nd6+ Kc3 109. Ke5 Rh2 110. Ne4+ Kc4 111. Rc1+ Kb4 112. Kd4 Rh4 113. Rb1+ Ka4 114. Kd5 Ka3 115. Rb8 Rg4 116. Kd4 Ka4 117. Kd5 Ka3 118. Nc5 Rh4 119. Ne6 Rb4 120. Rh8 Kb2 121. Nd4 Rb7 122. Kc4 Rc7+ 123. Kd3 Rd7 124. Rb8+ Ka3 125. Rb6 Ka4 126. Kc4 Rc7+ 127. Nc6 Ka3 128. Kc3 Ka4 129. Rb4+ Ka3 130. Rc4 Rh7 131. Ne5 Rb7 132. Nd3 Rb3+ 133. Kc2 Rb8 134. Nc5 Rb2+ 135. Kc3 Ka2 136. Nd3 Rh2 137. Ra4+ Kb1 138. Rf4 Ka2 139. Rf8 Rh1 140. Rb8 Rg1 141. Nb4+ Kb1 142. Nc2+ Kc1 143. Ne3 Rg3 144. Kd3 Rh3 145. Ke4 1/2-1/2

[Event "5th Koge Open 2024"]
[Site "Koge"]
[Date "2024.07.11"]
[Round "5"]
[White "Ermitsch, Magnus"]
[Black "Kistrup, Nicolai"]
[Result "1-0"]
[WhiteElo "2383"]
[BlackElo "2367"]
[PlyCount "69"]
[EventDate "2024.07.09"]
[EventType "tourn"]
[EventRounds "9"]
[EventCountry "DEN"]
[SourceTitle "Live from Koge Chess"]

1. e4 e5 2. Nf3 Nc6 3. Bc4 Nf6 4. Ng5 d5 5. exd5 Na5 6. Bb5+ c6 7. dxc6 bxc6 8. Qf3 cxb5 9. Qxa8 Qc7 10. Qf3 Nc6 11. c3 Bg4 12. Qg3 Nd4 13. Na3 Ne2 14. Qd3 Nf4 15. Qxb5+ Bd7 16. Qc4 Bc6 17. f3 Bxa3 18. bxa3 O-O 19. d3 N6d5 20. Bxf4 Nxf4 21. O-O Qb6+ 22. Kh1 Bb5 23. Qb3 Nxd3 24. c4 Qd4 25. Ne4 Bxc4 26. Qc3 Rd8 27. Qxd4 exd4 28. Kg1 f5 29. Nf2 Nf4 30. Rfd1 Ne2+ 31. Kh1 Kf7 32. Rd2 Kf6 33. Re1 Nf4 34. Rc1 Be6 35. Nd3 1-0

[Event "5th Koge Open 2024"]
[Site "Koge"]
[Date "2024.07.11"]
[Round "5"]
[White "Liu, Casper Yukun"]
[Black "Petrov, Martin"]
[Result "1/2-1/2"]
[WhiteElo "2316"]
[BlackElo "2531"]
[PlyCount "39"]
[EventDate "2024.07.09"]
[EventType "tourn"]
[EventRounds "9"]
[EventCountry "DEN"]
[SourceTitle "Live from Koge Chess"]

1. c4 e6 2. Nc3 d5 3. d4 Nf6 4. cxd5 exd5 5. Bg5 c6 6. e3 h6 7. Bh4 Be7 8. Bd3 O-O 9. Qc2 Re8 10. Nge2 Nbd7 11. O-O Ne4 12. Bxe7 Qxe7 13. Rae1 Ndf6 14. f3 Nxc3 15. Nxc3 Be6 16. Kh1 c5 17. dxc5 Qxc5 18. Nb5 Qxc2 19. Bxc2 Re7 20. Kg1 1/2-1/2